|
|
|
|
| LEADER |
00000nam0a2200000 4500 |
| 001 |
52574 |
| 005 |
20231101211357.0 |
| 035 |
|
|
|a (RuTPU)RU\TPU\book\55112
|
| 090 |
|
|
|a 52574
|
| 100 |
|
|
|a 20030603d1975 km y0rusy50 ca
|
| 101 |
0 |
|
|a rus
|a eng
|
| 102 |
|
|
|a RU
|
| 105 |
|
|
|a y e 001zy
|
| 200 |
1 |
|
|a Англо-русский словарь
|e Около 35 000
|f В. Д. Аракин, З. С. Выгодская, Н. Н. Ильина
|
| 205 |
|
|
|a 10-е изд., стер.
|
| 210 |
|
|
|a Москва
|c Русский язык
|d 1975
|
| 215 |
|
|
|a 848 с.
|
| 300 |
|
|
|a На пер. сост. не указаны
|
| 320 |
|
|
|a Библиогр.: с. 7-8.
|
| 606 |
|
|
|a Английский язык
|x Словари
|2 stltpush
|3 (RuTPU)RU\TPU\subj\69128
|9 84097
|
| 610 |
1 |
|
|a русский язык
|
| 610 |
1 |
|
|a лексика
|
| 610 |
1 |
|
|a словари
|
| 686 |
|
|
|a Ш143.21-4
|v LBC/SL-A
|2 rubbk
|
| 700 |
|
1 |
|a Аракин
|b В. Д.
|g Владимир Дмитриевич
|
| 701 |
|
1 |
|a Выгодская
|b З. С.
|g Зинаида Семеновна
|
| 701 |
|
1 |
|a Ильина
|b Н. Н.
|g Наталья Николаевна
|
| 801 |
|
1 |
|a RU
|b 63413507
|c 20030603
|g PSBO
|
| 801 |
|
2 |
|a RU
|b 63413507
|c 20170925
|g PSBO
|
| 942 |
|
|
|c BK
|